Представление документа в формате RUSMARC

Поле Инд. ПП Название Значение
Тип записи a
Библиографический уровень a
001 Контрольный номер 3574c12684744404b55818b7c346bfe7
005 Дата корректировки 20190605123940.5
100 a Данные общей обработки 20190605 ||| 0rusy0189 ca
101 0_ a Язык текста rus
102 a Страна публикации RU
200 1_ f Первые сведения об ответственности Ю.Э. Монастырский
a Заглавие Убытки и нематериальный вред
b Общее обозначение материала Электронный ресурс
210 1_ d Дата издания 2019
461 _0 1 2000
a Вестник гражданского права
463 _0 1 2000
a № 2
v С. 113-132
1 2101
d 2019
1 00187b55017de214dbea1129669bef0a895
606 a Основная рубрика Гражданское и торговое право
610 0_ a Ключевые слова ВОЗМЕЩЕНИЕ УБЫТКОВ
a Ключевые слова ВОЗМЕЩЕНИЕ ВРЕДА
a Ключевые слова ПРИЧИНЕНИЕ ВРЕДА
a Ключевые слова МОРАЛЬНЫЙ ВРЕД
a Ключевые слова ЗАЩИТА ЧЕСТИ ДОСТОИНСТВА ДЕЛОВОЙ РЕПУТАЦИИ
700 _1 a Фамилия Монастырский
b Имя Ю.Э.
801 _0 a Страна RU
b Организация РГУП
c Дата составления 20190605
g Правила каталогизации PSBO
801 _1 a Страна RU
b Организация РГУП
c Дата составления 20190605
g Правила каталогизации PSBO
901 t Тип документа b
w Контрольный № источника 87b55017de214dbea1129669bef0a895
905 a Дата ввода 20190605